000 00572nam a2200181 a 4500
001 2245
003 CO-ViMGA
008 141112s2004 ck r 000 u spa d
040 _aCO-ViMGA
_bspa
_cCO-ViMGA
082 0 4 _a664.9 M645
100 1 _aMohler, Klement
245 1 0 _aEl ahumado
260 _aZaragoza :
_bAcribia,
_c1980
300 _a73 p : il
505 _aDe la leña al humo 15 - - Reacciones de los componentes del humo con el producto ahumado 37 - - Tecnología del ahumado 40 - - Alimentos ahumados 59
650 1 4 _aCARNE AHUMADA
_951038
942 _2ddc
_cBK
999 _c14349
_d14349